[Event "Pinerolo op"]
[Site "Pinerolo"]
[Date "2009.11.14"]
[Round "3"]
[White "Faraud, Roberto"]
[Black "Moschetto, Giuliano"]
[Result "0-1"]
[WhiteElo "1497"]
[BlackElo "1695"]
[PlyCount "64"]
[EventDate "2009.11.13"]
[EventType "swiss"]
[EventRounds "5"]
[EventCountry "ITA"]
[SourceTitle "EXT 2012"]
[Source "ChessBase"]
[SourceDate "2011.11.24"]
[SourceVersion "1"]
[SourceVersionDate "2011.11.24"]
[SourceQuality "1"]

1. f4 b6 2. e4 Bb7 3. Nc3 Nc6 4. Nf3 g6 5. d4 e6 6. Be2 Bg7 7. Be3 Nce7 8. Qd2 Nf6 9. e5 Nfd5 10. Nxd5 Nxd5 11. Bf2 d6 12. 0-0 0-0 13. c3 dxe5 14. dxe5 c5 15. Rad1 Bh6 16. g3 Qc7 17. Be3 Nxe3 18. Qxe3 Rfd8 19. Kf2 Bf8 20. h4 Bc6 21. Rh1 h5 22. Rhg1 Rxd1 23. Bxd1 Be7 24. Ng5 c4 25. Ne4 Rd8 26. Ke2 Rd3 27. Nf6+ Bxf6 28. Qf2 Be7 29. b4 Qd7 30. Qe1 Bf3+ 31. Kf2 Bxd1 32. g4 Bxh4+ 0-1